| 000 | 01836cam a22004694i 4500 | ||
|---|---|---|---|
| 003 | PE-LiUPU | ||
| 005 | 20250731173031.0 | ||
| 008 | 150623s r 000 0 d | ||
| 020 | _a0878206019 | ||
| 035 | _a(Sirsi) i9780878206018 | ||
| 040 |
_aPE-LiUPU _bspa _cPE-LiUPU _erda |
||
| 049 | _aPRUA | ||
| 082 | 0 | 4 |
_a299.92 _bS74 _221 |
| 100 | 1 |
_aCohen, Mark E., _eautor. |
|
| 245 | 1 | 0 |
_aSumerian hymnology : _bthe ersemma / _c[editado y traducido por] Mark E. Cohen. |
| 264 | 1 |
_aCincinatti : _bKTAV Publishing House, _c1981. |
|
| 300 |
_a217 páginas ; _c23 centímetros |
||
| 336 |
_atext _2rdacontent |
||
| 337 |
_aunmediated _2rdamedia |
||
| 338 |
_avolume _2rdacarrier |
||
| 490 | 0 |
_aHebrw Union College Annual Supplements Number ; _v2 |
|
| 505 | 0 | _aCatalogue of the Ersemmas. -The characteristics and evolution of the ersemma. -Composing the Ersemma. - the cultic setting of the Ersemma. -Ersemmas preserved only in old Babyonias copies. -Ersemmas perserved in both old babylonian and first millennium. B.C.E. copies. -Ersemmas preserved only in first millennium B.C.E. copies. -COmentary. | |
| 526 | _aSEG42 | ||
| 526 | _aSEG41 | ||
| 526 | _aSEG40 | ||
| 526 | _aSEG39 | ||
| 526 | _aP94 | ||
| 526 | _aP87 | ||
| 526 | _aP86 | ||
| 526 | _aP85 | ||
| 526 | _aP77 | ||
| 526 | _aP76 | ||
| 526 | _aP35 | ||
| 650 | 0 | 4 |
_aHimnos sumerios _vTraducciones al Inglés. |
| 650 | 0 | 4 | _aHimnos sumerios. |
| 942 |
_2ddc _cBOOK |
||
| 949 |
_a299.92 S74 _wDEWEY _c1 _i48154 _lCCODEBUL1 _mBUL _r0 _sY _tBOOK _u2015-6-24 _xTEOLOGIA _PP35 _0COMPRA _o.STAFF. Colección General |
||
| 994 |
_aC0 _bPEPRU |
||
| 596 | _a1 | ||
| 999 |
_a299.92 S74 _wDEWEY _c25128 _i48154 _f2021-11-12 _g5 _lCCODEBUL1 _mBUL _r0 _sY _tBOOK _u2015-6-24 _xTEOLOGIA _PP35 _0COMPRA _o.STAFF. Colección General _d25128 |
||
| 980 |
_81 _gALBERTO SANCHEZ Responsable de Automatización |
||